| 000 | 00435nam a2200193Ia 4500 | ||
|---|---|---|---|
| 008 | 210210b1930 xxu||||| |||| 00| 0 eng d | ||
| 041 | _aeng | ||
| 082 | _a590/373 | ||
| 100 | _aCAMERON (M) | ||
| 245 | _aColeoptera staphylinidae Vol I | ||
| 260 |
_aLondon _bTaylor & Francis _c1930 |
||
| 440 | _aI | ||
| 650 | _aVol | ||
| 650 | _astaphylinidae | ||
| 650 | _aI | ||
| 650 | _aColeoptera | ||
| 690 | _aZoology | ||
| 906 | _a010941 | ||
| 999 |
_c138965 _d138965 |
||